[Event "SWE-chT 1617"]
[Site "Sweden"]
[Date "2017.03.04"]
[Round "6.3"]
[White "Kenneskog, Theodor"]
[Black "Akvist, Hakan"]
[Result "1-0"]
[WhiteElo "2334"]
[BlackElo "2114"]
[PlyCount "143"]
[EventDate "2016.10.14"]
[EventType "team-tourn"]
[EventRounds "9"]
[EventCountry "SWE"]
[SourceTitle "CBM 177 Extra"]
[Source "ChessBase"]
[SourceDate "2017.04.27"]
[SourceVersion "1"]
[SourceVersionDate "2017.04.27"]
[SourceQuality "1"]
[WhiteTeam "Stockholm Rockaden"]
[BlackTeam "Eksjo"]
[WhiteTeamCountry "SWE"]
[BlackTeamCountry "SWE"]

1. d4 Nf6 2. c4 e6 3. Nf3 Bb4+ 4. Nbd2 0-0 5. a3 Bxd2+ 6. Qxd2 b6 7. e3 Bb7 8. Be2 d6 9. 0-0 Nbd7 10. b4 Qe7 11. Bb2 Ne4 12. Qc2 f5 13. Rad1 Rae8 14. d5 e5 15. Nd2 Nxd2 16. Rxd2 e4 17. Rdd1 Ne5 18. Kh1 Bc8 19. Rd4 Rf6 20. f4 exf3 21. gxf3 Nf7 22. Rg1 Rg6 23. Rxg6 hxg6 24. Qc3 Ne5 25. f4 Nd7 26. Rd3 Nf6 27. Bf3 Rf8 28. Rd1 Ne4 29. Qc2 Bd7 30. Qg2 g5 31. Bxe4 Qxe4 32. Qxe4 fxe4 33. Rg1 Rf5 34. Rxg5 Rxg5 35. fxg5 Kf7 36. Kg2 Ba4 37. Kg3 Bb3 38. Kf4 Bxc4 39. Kxe4 Bf1 40. Kf4 Bb5 41. h4 g6 42. Bf6 c6 43. Ke4 Ba4 44. Kd4 c5+ 45. Kc4 Bd7 46. e4 b5+ 47. Kd3 c4+ 48. Ke3 Bg4 49. Bd4 a6 50. Bc3 Ke7 51. Kd4 Kd7 52. Be1 Bf3 53. Bd2 Bg4 54. Bf4 Be2 55. e5 dxe5+ 56. Bxe5 Bg4 57. Kc5 Bf3 58. Bc3 Kc7 59. Bd2 Bg4 60. Bf4+ Kd7 61. Kb6 Bf3 62. Kxa6 Bxd5 63. Kxb5 c3 64. a4 Kc8 65. Kb6 c2 66. a5 Be4 67. a6 c1Q 68. Bxc1 Kb8 69. Bf4+ Ka8 70. b5 Bf5 71. Ka5 Bd3 72. Be3 1-0

[Event "SWE-chT 1011"]
[Site "Sweden"]
[Date "2011.01.15"]
[Round "6"]
[White "Akvist, Hakan"]
[Black "Holst, Conny"]
[Result "1-0"]
[WhiteElo "2139"]
[BlackElo "2165"]
[PlyCount "73"]
[EventDate "2010.10.08"]
[EventType "team-tourn"]
[EventRounds "11"]
[EventCountry "SWE"]
[SourceTitle "EXT 2012"]
[Source "ChessBase"]
[SourceDate "2011.11.24"]
[SourceVersion "1"]
[SourceVersionDate "2011.11.24"]
[SourceQuality "1"]
[WhiteTeam "Eksjo"]
[BlackTeam "Limhamn"]
[WhiteTeamCountry "SWE"]
[BlackTeamCountry "SWE"]

1. d4 Nf6 2. c4 c5 3. d5 e5 4. Nc3 d6 5. g3 Be7 6. e4 0-0 7. f3 Ne8 8. Be3 Bg5 9. Bf2 g6 10. h4 Bh6 11. Bh3 Bxh3 12. Nxh3 f5 13. g4 fxg4 14. fxg4 Bf4 15. Nxf4 exf4 16. e5 Nd7 17. e6 Ne5 18. g5 Qa5 19. Qb3 Qa6 20. Nb5 Qa5+ 21. Kd1 a6 22. Be1 Qd8 23. Na3 b5 24. cxb5 axb5 25. Nxb5 c4 26. Qc3 Qb6 27. a4 Ng7 28. Rf1 Nf5 29. Bd2 Qxb5 30. axb5 Rxa1+ 31. Ke2 Ng3+ 32. Qxg3 fxg3 33. Rxa1 Rf2+ 34. Ke3 Rxd2 35. Kxd2 g2 36. b6 Nf3+ 37. Ke3 1-0

[Event "SWE-chT 1011"]
[Site "Sweden"]
[Date "2010.12.04"]
[Round "5"]
[White "Akvist, Hakan"]
[Black "Borvander, Tom"]
[Result "0-1"]
[WhiteElo "2139"]
[BlackElo "2177"]
[PlyCount "98"]
[EventDate "2010.10.08"]
[EventType "team-tourn"]
[EventRounds "11"]
[EventCountry "SWE"]
[SourceTitle "EXT 2012"]
[Source "ChessBase"]
[SourceDate "2011.11.24"]
[SourceVersion "1"]
[SourceVersionDate "2011.11.24"]
[SourceQuality "1"]
[WhiteTeam "Eksjo"]
[BlackTeam "Kamraterna"]
[WhiteTeamCountry "SWE"]
[BlackTeamCountry "SWE"]

1. d4 Nf6 2. c4 g6 3. Nc3 Bg7 4. e4 d6 5. Be2 0-0 6. Bg5 c5 7. d5 h6 8. Bh4 b5 9. cxb5 a6 10. bxa6 Bxa6 11. Bxa6 Nxa6 12. Nge2 Qb6 13. Rb1 Qb4 14. a3 Qa5 15. 0-0 c4 16. f3 Nc5 17. Bf2 Rfb8 18. Nd4 Rb7 19. Nc6 Qc7 20. Bxc5 dxc5 21. Qe2 e6 22. Qxc4 exd5 23. exd5 Nd7 24. Rfe1 Ne5 25. Nxe5 Bxe5 26. Qh4 Bd4+ 27. Kh1 Rxb2 28. Rxb2 Bxc3 29. Re7 Rxa3 30. Rb1 Qd6 31. Qe4 Bd4 32. Reb7 Re3 33. Qh4 Qxd5 34. h3 Kg7 35. Qf4 Qe6 36. Rf1 Re2 37. Qg4 Qc4 38. Rbb1 Qa2 39. f4 h5 40. Qf3 Re3 41. Qc6 Qc2 42. f5 gxf5 43. Rb6 Re6 44. Qb7 Qd3 45. Rbb1 Re3 46. Rf3 Rxf3 47. gxf3 c4 48. Rc1 c3 49. Qc6 Qd2 0-1

[Event "SWE-chT 0910"]
[Site "Sweden"]
[Date "2010.01.16"]
[Round "6"]
[White "Volodin, Aleksandr"]
[Black "Akvist, Hakan"]
[Result "1-0"]
[WhiteElo "2429"]
[BlackElo "2139"]
[PlyCount "87"]
[EventDate "2009.10.16"]
[EventType "team"]
[EventRounds "11"]
[EventCountry "SWE"]
[SourceTitle "EXT 2011"]
[Source "ChessBase"]
[SourceDate "2010.11.26"]
[SourceVersion "1"]
[SourceVersionDate "2010.11.26"]
[SourceQuality "1"]
[WhiteTeam "Viking"]
[BlackTeam "Eksjo"]
[WhiteTeamCountry "SWE"]
[BlackTeamCountry "SWE"]

1. d4 Nf6 2. c4 e6 3. Nf3 Bb4+ 4. Nbd2 0-0 5. g3 d5 6. Bg2 Nbd7 7. 0-0 c6 8. Qc2 Re8 9. b3 Bd6 10. Bb2 e5 11. cxd5 cxd5 12. dxe5 Nxe5 13. Rad1 Bg4 14. Bc3 Nc6 15. Rfe1 Rc8 16. Qb2 d4 17. Bxd4 Nxd4 18. Qxd4 Qe7 19. e3 Bb4 20. Rf1 Red8 21. Qf4 b5 22. e4 Bh5 23. Qg5 Bxd2 24. Rxd2 Qxe4 25. Nd4 Qe8 26. Nf5 Bg6 27. Nd6 Qd7 28. Rfd1 h6 29. Qf4 Rc2 30. Ne4 Rxd2 31. Rxd2 Qe7 32. Nxf6+ gxf6 33. Qe3 Re8 34. Qxe7 Rxe7 35. Bf1 a6 36. f3 Re1 37. Kf2 Ra1 38. Be2 Bb1 39. Rd1 Kf8 40. Ke3 Ke7 41. Rc1 Kd6 42. Bd3 Rxa2 43. Rxb1 Rxh2 44. Ra1 1-0

[Event "SWE-ch Seniors"]
[Site "Kungsor"]
[Date "2009.07.03"]
[Round "2"]
[White "Akvist, Hakan"]
[Black "Nordstrom, Felix"]
[Result "1/2-1/2"]
[WhiteElo "2144"]
[BlackElo "2177"]
[PlyCount "54"]
[EventDate "2009.07.02"]
[EventType "swiss"]
[EventRounds "9"]
[EventCountry "SWE"]
[SourceTitle "EXT 2024"]
[Source "ChessBase"]
[SourceDate "2023.10.10"]
[SourceVersion "1"]
[SourceVersionDate "2023.10.10"]
[SourceQuality "1"]

1. d4 d5 2. Nf3 Nf6 3. c4 dxc4 4. e3 e6 5. Bxc4 c5 6. 0-0 a6 7. a4 Nc6 8. Qe2 cxd4 9. Rd1 Be7 10. exd4 Nb4 11. Nc3 0-0 12. Ne5 Bd7 13. d5 exd5 14. Nxd5 Nbxd5 15. Bxd5 Nxd5 16. Rxd5 Bg4 17. Rxd8 Bxe2 18. Rxa8 Rxa8 19. Be3 f6 20. Nf3 Rc8 21. Nd4 Bg4 22. h3 Bd7 23. Kf1 Kf7 24. Ke2 g6 25. b3 Be8 26. Rc1 Rxc1 27. Bxc1 Bc5 1/2-1/2

[Event "EU-ch Seniors 08th"]
[Site "Davos"]
[Date "2008.08.10"]
[Round "2"]
[White "Clemens, Christian"]
[Black "Akvist, Hakan"]
[Result "0-1"]
[WhiteElo "2307"]
[BlackElo "2135"]
[PlyCount "80"]
[EventDate "2008.08.09"]
[EventType "swiss"]
[EventRounds "9"]
[EventCountry "SUI"]
[SourceTitle "CBM 126 Extra"]
[Source "ChessBase"]
[SourceDate "2008.11.05"]
[SourceVersion "1"]
[SourceVersionDate "2008.11.05"]
[SourceQuality "1"]

1. g3 d5 2. Nf3 Nf6 3. Bg2 Bf5 4. b3 h6 5. Bb2 e6 6. d3 Be7 7. Nbd2 0-0 8. 0-0 Nbd7 9. c4 c6 10. a3 a5 11. Qc2 Qb8 12. Rfb1 b5 13. Nd4 Rc8 14. Nxf5 exf5 15. Bh3 Ng4 16. e4 Qa7 17. Rf1 Bc5 18. Bxg4 fxg4 19. b4 Bd4 20. c5 Bxb2 21. Qxb2 Nf6 22. e5 Nh7 23. h4 Qd7 24. Rfe1 Re8 25. Qd4 Qf5 26. bxa5 Rxa5 27. Nb3 Ra4 28. Qe3 Nf8 29. Nd4 Qd7 30. Reb1 Rea8 31. Rb3 Ne6 32. Nxe6 Qxe6 33. d4 Qf5 34. Rc1 Kf8 35. Rcc3 Ke7 36. Rc1 Kd7 37. Rcc3 Kc7 38. Rc1 R8a7 39. Rcc3 Qe4 40. Rd3 b4 0-1

[Event "EU-chT Seniors 10th"]
[Site "Dresden"]
[Date "2008.02.15"]
[Round "5.3"]
[White "Eskandary, Jahja"]
[Black "Akvist, Hakan"]
[Result "0-1"]
[WhiteElo "2102"]
[BlackElo "2178"]
[PlyCount "88"]
[EventDate "2008.02.11"]
[EventType "team-swiss"]
[EventRounds "9"]
[EventCountry "GER"]
[SourceTitle "CBM 122 Extra"]
[Source "ChessBase"]
[SourceDate "2008.03.04"]
[SourceVersion "1"]
[SourceVersionDate "2008.03.04"]
[SourceQuality "1"]
[WhiteTeam "Dresden Lokomotiv"]
[BlackTeam "Sweden"]
[WhiteTeamCountry "GER"]
[BlackTeamCountry "SWE"]

1. e4 d6 2. Nc3 g6 3. d4 Bg7 4. Be3 c6 5. Qd2 Nd7 6. f3 b5 7. Nh3 Nb6 8. Nf2 b4 9. Ncd1 a5 10. a3 bxa3 11. Rxa3 a4 12. Be2 Ba6 13. Bxa6 Rxa6 14. Qb4 Qa8 15. Nc3 Nf6 16. 0-0 0-0 17. Rfa1 Rb8 18. Ncd1 Nfd7 19. b3 Nd5 20. Qd2 Nxe3 21. Nxe3 axb3 22. Rxa6 Qxa6 23. Rxa6 b2 24. Rxc6 b1Q+ 25. Nfd1 Qa1 26. c3 Bh6 27. Kf2 Rb1 28. Kg3 Qa5 29. Qd3 Ra1 30. Nd5 Kg7 31. Nb4 Qg5+ 32. Kf2 Qh4+ 33. Ke2 Qxh2 34. Ne3 Qg1 35. Nbc2 Ra2 36. Qc4 Rxc2+ 37. Nxc2 Qxg2+ 38. Ke1 Qxc2 39. Ra6 Bf4 40. Ra2 Qb1+ 41. Ke2 Nf6 42. Kf2 Nh5 43. Qe2 Ng3 44. Qc4 Qh1 0-1

[Event "EU-chT Seniors 10th"]
[Site "Dresden"]
[Date "2008.02.12"]
[Round "2.3"]
[White "Akvist, Hakan"]
[Black "Hohler, Peter"]
[Result "1/2-1/2"]
[WhiteElo "2178"]
[BlackElo "2184"]
[PlyCount "87"]
[EventDate "2008.02.11"]
[EventType "team-swiss"]
[EventRounds "9"]
[EventCountry "GER"]
[SourceTitle "CBM 122 Extra"]
[Source "ChessBase"]
[SourceDate "2008.03.04"]
[SourceVersion "1"]
[SourceVersionDate "2008.03.04"]
[SourceQuality "1"]
[WhiteTeam "Sweden"]
[BlackTeam "Switzerland"]
[WhiteTeamCountry "SWE"]
[BlackTeamCountry "SUI"]

1. d4 Nf6 2. c4 e6 3. Nc3 Bb4 4. a3 Bxc3+ 5. bxc3 d6 6. f3 Nh5 7. Nh3 f5 8. Bg5 Nf6 9. e3 0-0 10. Bd3 Qe8 11. 0-0 c5 12. Qc2 Nc6 13. Rae1 Na5 14. e4 fxe4 15. Bxe4 Nxe4 16. Qxe4 Qf7 17. Bh4 Nxc4 18. Ng5 Qf5 19. dxc5 d5 20. Qd4 Bd7 21. g4 Qg6 22. f4 h6 23. f5 exf5 24. Qxd5+ Kh8 25. Qxd7 hxg5 26. gxf5 Qh5 27. Bg3 Rad8 28. Qxb7 Nd2 29. Rf2 g4 30. Rxd2 Rxd2 31. Qe4 Qxf5 32. Qxf5 Rxf5 33. c6 Rd8 34. c7 Rc8 35. Rb1 Kg8 36. Rb8 Rff8 37. Rb4 Rf7 38. Rxg4 Rcxc7 39. Bxc7 Rxc7 40. c4 Kf7 41. Kf2 Rb7 42. Rd4 Ke6 43. Ke3 g5 44. Rd3 1/2-1/2

[Event "SWE-chT2 0708"]
[Site "Sweden"]
[Date "2007.11.17"]
[Round "3"]
[White "Harren, Mats"]
[Black "Akvist, Hakan"]
[Result "1-0"]
[WhiteElo "2078"]
[BlackElo "2116"]
[PlyCount "61"]
[EventDate "2007.10.20"]
[EventType "team"]
[EventRounds "9"]
[EventCountry "SWE"]
[SourceTitle "EXT 2009"]
[Source "ChessBase"]
[SourceDate "2008.11.26"]
[SourceVersion "1"]
[SourceVersionDate "2008.11.26"]
[SourceQuality "1"]
[WhiteTeam "Vastervik"]
[BlackTeam "Eksjo"]
[WhiteTeamCountry "SWE"]
[BlackTeamCountry "SWE"]

1. e4 e6 2. b3 b6 3. Bb2 Bb7 4. Nc3 Nf6 5. e5 Nd5 6. Nxd5 Bxd5 7. Qg4 d6 8. Nf3 Nd7 9. d4 h5 10. Qf4 Be7 11. h4 dxe5 12. Nxe5 Nxe5 13. dxe5 g5 14. Qa4+ c6 15. Rd1 Qc7 16. hxg5 b5 17. Qd4 0-0-0 18. Qe3 Qa5+ 19. Bc3 Bb4 20. Bxb4 Qxb4+ 21. c3 Qa3 22. Qe2 h4 23. Rh3 a5 24. Qc2 a4 25. c4 Qc5 26. Rc3 b4 27. Re3 h3 28. gxh3 Rh7 29. Qe2 Bh1 30. Rxd8+ Kxd8 31. Qd2+ 1-0

[Event "SWE-chT2 0708"]
[Site "Sweden"]
[Date "2007.10.21"]
[Round "2"]
[White "Fallman, Mikael"]
[Black "Akvist, Hakan"]
[Result "1-0"]
[WhiteElo "2090"]
[BlackElo "2116"]
[PlyCount "73"]
[EventDate "2007.10.20"]
[EventType "team"]
[EventRounds "9"]
[EventCountry "SWE"]
[SourceTitle "EXT 2009"]
[Source "ChessBase"]
[SourceDate "2008.11.26"]
[SourceVersion "1"]
[SourceVersionDate "2008.11.26"]
[SourceQuality "1"]
[WhiteTeam "Upsala II"]
[BlackTeam "Eksjo"]
[WhiteTeamCountry "SWE"]
[BlackTeamCountry "SWE"]

1. d4 Nf6 2. Nf3 c5 3. d5 e6 4. c4 exd5 5. cxd5 d6 6. Nc3 g6 7. e4 a6 8. a4 Bg7 9. Bd3 0-0 10. h3 Re8 11. 0-0 Qc7 12. Re1 Nbd7 13. Bf4 Nh5 14. Bh2 Ne5 15. Bf1 Nxf3+ 16. Qxf3 Be5 17. Rad1 Qe7 18. Bxe5 Qxe5 19. g3 Bd7 20. Qg2 g5 21. Be2 Ng7 22. Rf1 b5 23. axb5 axb5 24. f4 Qe7 25. e5 dxe5 26. d6 Qd8 27. Nd5 Ra4 28. Ne7+ Kh8 29. fxe5 Rf8 30. Rf6 Qa5 31. Qf2 Be6 32. Rxe6 Nxe6 33. Qf6+ Ng7 34. Nf5 Rg8 35. Nxg7 Rxg7 36. d7 Rd4 37. d8Q+ 1-0

[Event "SWE-chT2 0708"]
[Site "Sweden"]
[Date "2007.10.20"]
[Round "1"]
[White "Akvist, Hakan"]
[Black "Danielsson, Robert"]
[Result "1/2-1/2"]
[WhiteElo "2116"]
[BlackElo "1987"]
[PlyCount "69"]
[EventDate "2007.10.20"]
[EventType "team"]
[EventRounds "9"]
[EventCountry "SWE"]
[SourceTitle "EXT 2009"]
[Source "ChessBase"]
[SourceDate "2008.11.26"]
[SourceVersion "1"]
[SourceVersionDate "2008.11.26"]
[SourceQuality "1"]
[WhiteTeam "Eksjo"]
[BlackTeam "Passanten"]
[WhiteTeamCountry "SWE"]
[BlackTeamCountry "SWE"]

1. d4 Nf6 2. c4 g6 3. Nc3 d5 4. cxd5 Nxd5 5. e4 Nxc3 6. bxc3 Bg7 7. Nf3 c5 8. Be2 0-0 9. 0-0 b6 10. Be3 Bb7 11. dxc5 Bxe4 12. Qa4 Bc6 13. Qa3 e5 14. Rad1 Qc8 15. Rd2 Nd7 16. cxb6 axb6 17. Qb4 Qc7 18. Qh4 Nf6 19. Rfd1 Ne4 20. Ng5 Nxg5 21. Bxg5 Rfe8 22. Qb4 Bf8 23. Qh4 Bg7 24. Bf1 Ra4 25. Qg3 h6 26. Bd8 Qb7 27. Qe3 b5 28. Qb6 Qxb6 29. Bxb6 Bf8 30. Rd8 Ra8 31. Rxe8 Rxe8 32. f3 Ra8 33. Rd8 Rxd8 34. Bxd8 Bc5+ 35. Kh1 1/2-1/2

[Event "Nordic-ch Seniors"]
[Site "Helsingor"]
[Date "2007.07.27"]
[Round "7"]
[White "Westerinen, Heikki MJ"]
[Black "Akvist, Hakan"]
[Result "1-0"]
[WhiteElo "2385"]
[BlackElo "2161"]
[PlyCount "83"]
[EventDate "2007.07.21"]
[EventType "swiss"]
[EventRounds "9"]
[EventCountry "DEN"]
[SourceTitle "EXT 2010"]
[Source "ChessBase"]
[SourceDate "2010.11.25"]
[SourceVersion "1"]
[SourceVersionDate "2010.11.25"]
[SourceQuality "1"]

1. e4 e6 2. d4 d5 3. Nc3 Bb4 4. Nge2 dxe4 5. a3 Be7 6. Nxe4 Bd7 7. Bf4 Bc6 8. Qd3 Bxe4 9. Qxe4 c6 10. c4 Nf6 11. Qf3 0-0 12. 0-0-0 Nbd7 13. Nc3 Rc8 14. g4 b5 15. g5 Ne8 16. h4 bxc4 17. Bxc4 Nb6 18. Ba6 Nd6 19. Bxc8 Qxc8 20. Bxd6 Bxd6 21. Qe2 Qc7 22. Kb1 Rb8 23. Ka1 Nd7 24. Ne4 Be7 25. Rh3 Qa5 26. Rc1 Qd5 27. Rhc3 Nb6 28. Nc5 Rd8 29. Rd3 Nc4 30. Rdd1 Na5 31. Qa6 Bxc5 32. Qxa5 Bb6 33. Qxd5 cxd5 34. b4 Kf8 35. a4 e5 36. dxe5 Bxf2 37. Rc7 Bg3 38. Rxa7 Bxe5+ 39. Ka2 d4 40. Rd3 f5 41. gxf6 Bxf6 42. b5 1-0

[Event "Nordic-ch Seniors"]
[Site "Helsingor"]
[Date "2007.07.26"]
[Round "6"]
[White "Andersson, Mats"]
[Black "Akvist, Hakan"]
[Result "0-1"]
[WhiteElo "2328"]
[BlackElo "2161"]
[PlyCount "108"]
[EventDate "2007.07.21"]
[EventType "swiss"]
[EventRounds "9"]
[EventCountry "DEN"]
[SourceTitle "EXT 2010"]
[Source "ChessBase"]
[SourceDate "2010.11.25"]
[SourceVersion "1"]
[SourceVersionDate "2010.11.25"]
[SourceQuality "1"]

1. d4 Nf6 2. Nf3 g6 3. c4 Bg7 4. Nc3 c5 5. Bg5 cxd4 6. Nxd4 h6 7. Bxf6 Bxf6 8. e3 0-0 9. Be2 Nc6 10. Qd2 d6 11. Rb1 Bd7 12. Bf3 Ne5 13. Bxb7 Nxc4 14. Qe2 Rb8 15. Be4 Nb6 16. 0-0 e6 17. Rfc1 d5 18. Bd3 e5 19. Nb3 e4 20. Bb5 Be6 21. f3 exf3 22. gxf3 Nc4 23. Bxc4 dxc4 24. Nd2 Bf5 25. Nce4 Bxb2 26. Rxc4 Bg7 27. Rcb4 Rxb4 28. Rxb4 Qa5 29. Qb5 Qxa2 30. Ra4 Qc2 31. Rxa7 Bh3 32. Qb1 Qxb1+ 33. Nxb1 Rc8 34. Nbd2 f5 35. Ng3 f4 36. Ngf1 Rc1 37. Ra8+ Kh7 38. Kf2 Bxf1 39. Nxf1 Rc2+ 40. Ke1 Bc3+ 41. Kd1 Rf2 42. Ra7+ Kg8 43. Ra8+ Kf7 44. Ra7+ Kf6 45. Ra6+ Kf5 46. e4+ Ke5 47. Rxg6 Rxf1+ 48. Kc2 Rxf3 49. Rxh6 Kxe4 50. h4 Be5 51. h5 Rh3 52. Kd2 Rh2+ 53. Ke1 f3 54. Rh7 Ke3 0-1

[Event "Nordic-ch Seniors"]
[Site "Helsingor"]
[Date "2007.07.23"]
[Round "3"]
[White "Akvist, Hakan"]
[Black "Lardot, Derik"]
[Result "1-0"]
[WhiteElo "2161"]
[BlackElo "2034"]
[PlyCount "93"]
[EventDate "2007.07.21"]
[EventType "swiss"]
[EventRounds "9"]
[EventCountry "DEN"]
[SourceTitle "EXT 2010"]
[Source "ChessBase"]
[SourceDate "2010.11.25"]
[SourceVersion "1"]
[SourceVersionDate "2010.11.25"]
[SourceQuality "1"]

1. d4 d5 2. Nf3 Nc6 3. g3 Bf5 4. Nh4 Bg6 5. Bg2 e6 6. 0-0 Be7 7. Nxg6 hxg6 8. c4 Bf6 9. cxd5 exd5 10. Nc3 Nge7 11. e3 Qd7 12. Na4 b6 13. Bd2 Nd8 14. Rc1 Nb7 15. b3 0-0-0 16. Bb4 Rh7 17. Qf3 Nd6 18. Bxd6 Qxd6 19. Rc2 Rdh8 20. h3 c6 21. Rfc1 Kb8 22. Nb2 Rc8 23. Nd3 Rhh8 24. b4 Kb7 25. a4 a6 26. Rb2 Rhd8 27. Qe2 Ra8 28. Nc5+ Kc8 29. Nxa6 Kd7 30. b5 Ke8 31. Rbc2 c5 32. dxc5 bxc5 33. Rxc5 Kf8 34. Qd3 Kg8 35. e4 dxe4 36. Qxd6 Rxd6 37. Bxe4 Rad8 38. R5c4 Rd2 39. R1c2 Rd1+ 40. Kg2 Rb1 41. Ra2 Rb3 42. Nc5 Rc3 43. Rxc3 Bxc3 44. a5 Rb8 45. a6 Nc8 46. Bb7 Nb6 47. a7 1-0

[Event "Nordic-ch Seniors"]
[Site "Helsingor"]
[Date "2007.07.22"]
[Round "2"]
[White "Ovesen, Karsten"]
[Black "Akvist, Hakan"]
[Result "1-0"]
[WhiteElo "1428"]
[BlackElo "2161"]
[PlyCount "77"]
[EventDate "2007.07.21"]
[EventType "swiss"]
[EventRounds "9"]
[EventCountry "DEN"]
[SourceTitle "EXT 2010"]
[Source "ChessBase"]
[SourceDate "2010.11.25"]
[SourceVersion "1"]
[SourceVersionDate "2010.11.25"]
[SourceQuality "1"]

1. d4 Nf6 2. Nf3 c5 3. dxc5 e6 4. Bg5 Bxc5 5. e3 d5 6. c3 0-0 7. Bd3 h6 8. Bh4 Nbd7 9. Nbd2 Be7 10. 0-0 Nc5 11. Bc2 b6 12. Re1 Nfe4 13. Bxe7 Qxe7 14. Nxe4 dxe4 15. Nd2 Bb7 16. Qg4 f5 17. Qh5 Kh7 18. Red1 g6 19. Qh3 e5 20. Nc4 Rad8 21. g3 Ne6 22. Rxd8 Rxd8 23. Rd1 Ng5 24. Qf1 Ba6 25. Bb3 Nf3+ 26. Kg2 f4 27. Qe2 Nd4 28. Qd2 f3+ 29. Kh1 Nc6 30. Qc2 Rxd1+ 31. Qxd1 Kg7 32. Qd5 Bb7 33. Nd6 Na5 34. Qg8+ Kf6 35. Qh8+ Kg5 36. Nf7+ Kf5 37. Nxh6+ Kg5 38. h4+ Kh5 39. Ng8+ 1-0

[Event "SWE-ch Seniors"]
[Site "Stockholm"]
[Date "2007.07.06"]
[Round "3"]
[White "Malmdin, Nils Ake"]
[Black "Akvist, Hakan"]
[Result "1/2-1/2"]
[WhiteElo "2259"]
[BlackElo "2161"]
[PlyCount "53"]
[EventDate "2007.07.04"]
[EventType "swiss"]
[EventRounds "9"]
[EventCountry "SWE"]
[SourceTitle "CBM 119 Extra"]
[Source "ChessBase"]
[SourceDate "2007.09.04"]
[SourceVersion "1"]
[SourceVersionDate "2007.09.04"]
[SourceQuality "1"]

1. e4 e6 2. d4 d5 3. e5 c5 4. c3 Qb6 5. Nf3 Bd7 6. Bd3 Bb5 7. dxc5 Bxc5 8. b4 Bf8 9. 0-0 Bxd3 10. Qxd3 Nd7 11. Be3 Qc7 12. Nbd2 Ne7 13. Rac1 Nc6 14. Bd4 Rc8 15. Nb3 Be7 16. Rfe1 0-0 17. a3 Nb6 18. h4 Nc4 19. Ra1 b6 20. b5 N6a5 21. Nxa5 Nxa5 22. Rab1 Nc4 23. a4 h6 24. g3 Qd7 25. Qe2 Rc7 26. Kg2 Rfc8 27. Nh2 1/2-1/2

[Event "SWE-chT 0607"]
[Site "Sweden"]
[Date "2007.03.03"]
[Round "8"]
[White "Sagit, Rauan"]
[Black "Akvist, Hakan"]
[Result "1-0"]
[WhiteElo "2299"]
[BlackElo "2117"]
[PlyCount "61"]
[EventDate "2006.10.20"]
[EventType "team"]
[EventRounds "11"]
[EventCountry "SWE"]
[SourceTitle "EXT 2009"]
[Source "ChessBase"]
[SourceDate "2008.11.26"]
[SourceVersion "1"]
[SourceVersionDate "2008.11.26"]
[SourceQuality "1"]
[WhiteTeam "Manhem"]
[BlackTeam "Eksjo"]
[WhiteTeamCountry "SWE"]
[BlackTeamCountry "SWE"]

1. e4 e6 2. d4 d5 3. Nd2 Nf6 4. e5 Nfd7 5. Bd3 b6 6. Ne2 Ba6 7. Bxa6 Nxa6 8. a3 c5 9. c4 Nc7 10. Nf4 cxd4 11. cxd5 Nxe5 12. dxe6 Nxe6 13. Nxe6 fxe6 14. Qh5+ Nf7 15. Nf3 Qd5 16. Qxd5 exd5 17. 0-0 Bd6 18. Re1+ Kd7 19. Nxd4 Rhe8 20. Be3 Rad8 21. Rad1 Kc8 22. Nb5 Kb7 23. Nc3 Re5 24. Bd4 Rh5 25. h3 Be5 26. g4 Rg5 27. f4 Bxf4 28. Re7+ Bc7 29. Rxf7 h5 30. Nb5 Rc8 31. Nd6+ 1-0

[Event "EU-chT Seniors 09th"]
[Site "Dresden"]
[Date "2007.02.23"]
[Round "8"]
[White "Weinwurm, Wolfgang"]
[Black "Akvist, Hakan"]
[Result "1-0"]
[WhiteElo "2129"]
[BlackElo "2202"]
[PlyCount "53"]
[EventDate "2007.02.16"]
[EventType "team-swiss"]
[EventRounds "9"]
[EventCountry "GER"]
[SourceTitle "CBM 117 Extra"]
[Source "ChessBase"]
[SourceDate "2007.05.09"]
[SourceVersion "1"]
[SourceVersionDate "2007.05.09"]
[SourceQuality "1"]

1. e4 e6 2. d4 d5 3. Nc3 dxe4 4. Nxe4 Nd7 5. Nf3 Ngf6 6. Nxf6+ Nxf6 7. Bg5 h6 8. Bh4 Be7 9. Bd3 c5 10. dxc5 Qa5+ 11. c3 Qxc5 12. 0-0 0-0 13. Re1 b6 14. Ne5 Bb7 15. Qe2 Rad8 16. Rad1 a5 17. h3 Bd5 18. Bb1 g5 19. Bg3 Kg7 20. Kh2 Bb7 21. f4 Rxd1 22. Rxd1 gxf4 23. Bxf4 Nd5 24. Qg4+ Bg5 25. Bxg5 f5 26. Bxh6+ Kxh6 27. Qg6# 1-0

[Event "EU-chT Seniors 09th"]
[Site "Dresden"]
[Date "2007.02.22"]
[Round "7"]
[White "Neumann, Horst"]
[Black "Akvist, Hakan"]
[Result "0-1"]
[WhiteElo "2021"]
[BlackElo "2202"]
[PlyCount "79"]
[EventDate "2007.02.16"]
[EventType "team-swiss"]
[EventRounds "9"]
[EventCountry "GER"]
[SourceTitle "CBM 117 Extra"]
[Source "ChessBase"]
[SourceDate "2007.05.09"]
[SourceVersion "1"]
[SourceVersionDate "2007.05.09"]
[SourceQuality "1"]

1. d4 e6 2. Nf3 f5 3. Bf4 Nf6 4. h3 b6 5. e3 Bb7 6. Nbd2 Be7 7. Be2 0-0 8. 0-0 d6 9. Rc1 Qe8 10. c4 Nbd7 11. b4 Bd8 12. Qb3 Kh8 13. c5 Bd5 14. Bc4 bxc5 15. dxc5 dxc5 16. bxc5 Nxc5 17. Qc2 Ncd7 18. Ne5 Nxe5 19. Bxe5 c6 20. Rb1 Nd7 21. Bg3 Bb6 22. Rfc1 Nf6 23. Be5 Nd7 24. Bg3 Qg6 25. Bxd5 cxd5 26. Nf1 e5 27. Qa4 Nc5 28. Qa3 f4 29. Bh4 f3 30. Ng3 Nd3 31. Rd1 e4 32. Be7 Rfe8 33. Qd6 Qf7 34. Bh4 fxg2 35. Rd2 Ne5 36. Kxg2 Nc4 37. Qxd5 Qf3+ 38. Kh2 Nxd2 39. Qxd2 Rf8 40. Nh1 0-1